zpět

Detail výsledku týmu

Zelená Žába ÚT, Pardubice

Datum a čas kvízu

35 Celkem bodů Celkový počet nahraných bodů na tomto kvízu bez doplňovacích otázek.
1. Pořadí na kvízu Konečné umístění týmu na tomto kvízu.

Zaznamenané odpovědi

# Otázka Odpověď Body Výsledky
1. Jedna kavárna na Šumavě zařadi... o smažený sýr 0
2. Na Světovém ekonomickém fóru v... Václava Havla 1
3. Který hororový snímek získal v... Hříšníci/Sinners 0
4. V pondělí opustila přísně stře... Předmostecká/Předmostí 1
5. Ve kterém sportu povede nově č... A 1
6. Jak se jmenuje horolezec, jenž... Radek Jaroš 1
7. Jak se trojslovně jmenuje disc... lezení na obtížnost 1
8. Jak se jedním slovem nazývá ho... mačky 1
9. Po půl bodu můžete získat, kdy... El Capitan, Yosemite 1
10. Jak se jmenuje fenomenální slo... B) Janja Garnbret 1